The state as defendant: governmental accountability and the redress of individual grievances
| Main Author: | |
|---|---|
| Format: | Print Book |
| Language: | English |
| Published: |
Westport, Conn.
Greenwood Pr.
1981
|
| In: |
Contributions in political science (51)
Year: 1981 |
| Availability in Tübingen: | Present in Tübingen. UB: KB 13 A 736 |
| Check availability: | HBZ Gateway |
| Subito Delivery Service: | Order now. |
| Keywords: |
MARC
| LEADER | 00000cam a22000002c 4500 | ||
|---|---|---|---|
| 001 | 1650433573 | ||
| 003 | DE-627 | ||
| 005 | 20251225205625.0 | ||
| 007 | tu | ||
| 008 | 900410s1981 xx ||||| 00| ||eng c | ||
| 016 | 7 | |a b8230922 |2 UK | |
| 020 | |a 0313212570 |9 0-313-21257-0 | ||
| 035 | |a (DE-627)1650433573 | ||
| 035 | |a (DE-576)020172214 | ||
| 035 | |a (DE-599)BSZ020172214 | ||
| 035 | |a (OCoLC)251618879 | ||
| 035 | |a (OCoLC)06142462 | ||
| 035 | |a (DE-604)8033988048 | ||
| 040 | |a DE-627 |b ger |c DE-627 |e rakwb | ||
| 041 | |a eng | ||
| 050 | 0 | |a K3416 | |
| 082 | 0 | |a 351.9'1'091821 | |
| 082 | 0 | |a 342/.088 | |
| 084 | |a 2 |2 ssgn | ||
| 084 | |a MD 4600 |2 rvk |0 (DE-625)rvk/122514: | ||
| 100 | 1 | |8 1\p |a Hurwitz, Leon |d 1943- |0 (DE-588)14193283X |0 (DE-627)704098636 |0 (DE-576)326904654 |4 aut | |
| 109 | |a Hurwitz, Leon 1943- |a Hurwitz, Leon Henry 1943- | ||
| 245 | 1 | 4 | |a The state as defendant |b governmental accountability and the redress of individual grievances |c Leon Hurwitz |
| 264 | 1 | |a Westport, Conn. |b Greenwood Pr. |c 1981 | |
| 300 | |a XVII, 211 S. | ||
| 336 | |a Text |b txt |2 rdacontent | ||
| 337 | |a ohne Hilfsmittel zu benutzen |b n |2 rdamedia | ||
| 338 | |a Band |b nc |2 rdacarrier | ||
| 490 | 1 | |a Contributions in political science |v 51 | |
| 500 | |a Bibliography: p197-203. - Includes index | ||
| 650 | 4 | |a Western world. Governments. Complaints by public. Procedure | |
| 689 | 0 | 0 | |d s |0 (DE-588)4056618-3 |0 (DE-627)106154303 |0 (DE-576)209118288 |a Staat |2 gnd |
| 689 | 0 | 1 | |d s |0 (DE-588)4008764-5 |0 (DE-627)104629584 |0 (DE-576)208878173 |a Bürger |2 gnd |
| 689 | 0 | |5 (DE-627) | |
| 830 | 0 | |a Contributions in political science |v 51 |9 51 |w (DE-627)13003987X |w (DE-576)007071132 |w (DE-600)429710-6 |x 0147-1066 |7 am | |
| 883 | |8 1\p |a cgwrk |d 20241001 |q DE-101 |u https://d-nb.info/provenance/plan#cgwrk | ||
| 889 | |w (DE-627)441735606 | ||
| 935 | |i mdedup | ||
| 936 | r | v | |a MD 4600 |b Staat und Individuum; Citizenship |k Politologie |k Politische Theorie, Grundbegriffe des Politischen |k Staatstheorie |k Staat und Individuum; Citizenship |0 (DE-627)1271143550 |0 (DE-625)rvk/122514: |0 (DE-576)201143550 |
| 951 | |a BO | ||
| ELC | |b 1 | ||
| LOK | |0 000 xxxxxcx a22 zn 4500 | ||
| LOK | |0 001 3336916968 | ||
| LOK | |0 003 DE-627 | ||
| LOK | |0 004 1650433573 | ||
| LOK | |0 005 20020606000000 | ||
| LOK | |0 008 900410||||||||||||||||ger||||||| | ||
| LOK | |0 040 |a DE-21 |c DE-627 |d DE-21 | ||
| LOK | |0 852 |a DE-21 | ||
| LOK | |0 852 1 |c KB 13 A 736 |9 00 | ||
| LOK | |0 935 |a krim | ||
| LOK | |0 936ln |a k1.4 | ||
| LOK | |0 939 |a 10-04-90 |b l01 | ||
| ORI | |a SA-MARC-krimdoka001.raw | ||
| SIG | |a UB: KB 13 A 736 | ||
